[Event "PHI-ch (Women)"]
[Site "Manila"]
[Date "2014.06.26"]
[Round "9"]
[White "De Guzman, Ruth Aubrey"]
[Black "Mendoza, Shania Mae"]
[Result "1/2-1/2"]
[WhiteElo "1948"]
[BlackElo "1909"]
[PlyCount "99"]
[EventDate "2014.06.21"]
[EventType "tourn"]
[EventRounds "11"]
[EventCountry "PHI"]
[SourceTitle "CBM 161 Extra"]
[Source "ChessBase"]
[SourceDate "2014.08.29"]
[SourceVersion "1"]
[SourceVersionDate "2014.08.29"]
[SourceQuality "1"]

1. d4 Nf6 2. Nf3 g6 3. Bf4 Bg7 4. e3 d6 5. Bc4 0-0 6. h3 c6 7. 0-0 Nbd7 8. c3 Nb6 9. Bb3 Bf5 10. Nbd2 Qd7 11. Qe2 Ne4 12. Nxe4 Bxe4 13. Nd2 Bf5 14. e4 Be6 15. Bc2 f5 16. e5 h6 17. Rfe1 Rae8 18. Nf3 Kh7 19. b3 Bd5 20. Rad1 Bxf3 21. Qxf3 dxe5 22. dxe5 Qe6 23. c4 Rd8 24. Rxd8 Rxd8 25. Qe2 Rd7 26. Bc1 Rd8 27. f4 Qd7 28. Be3 Qc7 29. a4 e6 30. Qf2 Bf8 31. Kh1 Bb4 32. Rg1 Nd7 33. g4 Nf8 34. gxf5 exf5 35. Qg2 Qf7 36. h4 h5 37. Rd1 Rxd1+ 38. Bxd1 Ne6 39. Qf2 Qd7 40. Be2 a6 41. Kg2 Qd8 42. Kg3 Kg7 43. Kh3 Bd2 44. Kg3 Bxe3 45. Qxe3 Qd4 46. Qxd4 Nxd4 47. Bd1 c5 48. Kf2 Kf7 49. Ke3 a5 50. Kf2 1/2-1/2

[Event "PHI-ch sf (Women)"]
[Site "Manila"]
[Date "2014.??.??"]
[Round "8"]
[White "De Guzman, Ruth Aubrey"]
[Black "Dantes, Aurora Kim"]
[Result "1-0"]
[WhiteElo "1905"]
[BlackElo "1745"]
[PlyCount "107"]
[EventDate "2014.03.??"]
[EventType "swiss"]
[EventRounds "9"]
[EventCountry "PHI"]
[SourceTitle "EXT 2016"]
[Source "ChessBase"]
[SourceDate "2015.10.08"]
[SourceVersion "1"]
[SourceVersionDate "2015.10.08"]
[SourceQuality "1"]

1. d4 d5 2. Nf3 e6 3. Bf4 c5 4. e3 Nc6 5. c3 Bd6 6. Bg3 Nge7 7. Nbd2 b6 8. Bd3 Qc7 9. Bxd6 Qxd6 10. 0-0 e5 11. dxe5 Nxe5 12. Nxe5 Qxe5 13. Re1 0-0 14. e4 Qc7 15. exd5 Nxd5 16. Bxh7+ Kxh7 17. Qh5+ Kg8 18. Qxd5 Bb7 19. Qg5 Rad8 20. Nf1 Rd6 21. Ng3 Qc6 22. f3 Rg6 23. Qf4 Bc8 24. Rad1 Rf6 25. Qe4 Qb5 26. b3 Qa5 27. Qc2 b5 28. Re5 Qb6 29. Qf2 Rc6 30. Ne4 c4 31. Qxb6 Rxb6 32. b4 g6 33. Nc5 Kg7 34. Kf2 Kf6 35. Re3 Rc6 36. Rd4 a5 37. a3 axb4 38. axb4 Rh8 39. h3 Bf5 40. g4 Be6 41. f4 Ra8 42. g5+ Ke7 43. Rd7+ Ke8 44. Rb7 Rd6 45. Rxb5 Ra2+ 46. Kf3 Rh2 47. Nxe6 Rxh3+ 48. Ke4 Rxe3+ 49. Kxe3 Rd3+ 50. Ke4 fxe6 51. Ke5 Rxc3 52. Kxe6 Rd3 53. Rc5 c3 54. Rc8+ 1-0